<?xml version="1.0" encoding="UTF-8"?>
<record
    xmlns:xsi="http://www.w3.org/2001/XMLSchema-instance"
    xsi:schemaLocation="http://www.loc.gov/MARC21/slim http://www.loc.gov/standards/marcxml/schema/MARC21slim.xsd"
    xmlns="http://www.loc.gov/MARC21/slim">

  <leader>00687nam a22002057a 4500</leader>
  <controlfield tag="005">20231115110733.0</controlfield>
  <datafield tag="010" ind1=" " ind2=" ">
    <subfield code="a">ENG-138122</subfield>
  </datafield>
  <datafield tag="020" ind1=" " ind2=" ">
    <subfield code="a">9789357052108</subfield>
    <subfield code="c">1199.00</subfield>
  </datafield>
  <datafield tag="035" ind1=" " ind2=" ">
    <subfield code="a">EN-121654</subfield>
  </datafield>
  <datafield tag="037" ind1=" " ind2=" ">
    <subfield code="b">DBAD/PUB</subfield>
  </datafield>
  <datafield tag="082" ind1=" " ind2=" ">
    <subfield code="a">532.02466</subfield>
  </datafield>
  <datafield tag="100" ind1=" " ind2=" ">
    <subfield code="a">Chin, David A.</subfield>
    <subfield code="9">58668</subfield>
  </datafield>
  <datafield tag="245" ind1=" " ind2=" ">
    <subfield code="a">Fluid Mechanics For Engineers/</subfield>
    <subfield code="c">By David A. Chin</subfield>
  </datafield>
  <datafield tag="260" ind1=" " ind2=" ">
    <subfield code="a">Uttar Pradesh</subfield>
    <subfield code="b">Pearson India Education Services Pvt. Ltd.</subfield>
    <subfield code="c">2023</subfield>
  </datafield>
  <datafield tag="270" ind1=" " ind2=" ">
    <subfield code="a">1st Floor, Berger Tower, Plot No. C-001A/2, Sector 16B</subfield>
    <subfield code="b">Noida</subfield>
    <subfield code="e">201301</subfield>
  </datafield>
  <datafield tag="300" ind1=" " ind2=" ">
    <subfield code="a">1044 p.</subfield>
    <subfield code="c">25cm(pbk)</subfield>
    <subfield code="b">Index</subfield>
  </datafield>
  <datafield tag="700" ind1=" " ind2=" ">
    <subfield code="a">Papadimitriou, Christos</subfield>
    <subfield code="9">56652</subfield>
  </datafield>
  <datafield tag="700" ind1=" " ind2=" ">
    <subfield code="a">Vazirani, Umesh</subfield>
    <subfield code="9">56874</subfield>
  </datafield>
  <datafield tag="942" ind1=" " ind2=" ">
    <subfield code="2">ddc</subfield>
    <subfield code="c">EN</subfield>
    <subfield code="h">532.02466</subfield>
    <subfield code="m">CHI</subfield>
  </datafield>
  <datafield tag="999" ind1=" " ind2=" ">
    <subfield code="c">198314</subfield>
    <subfield code="d">198314</subfield>
  </datafield>
  <datafield tag="952" ind1=" " ind2=" ">
    <subfield code="0">0</subfield>
    <subfield code="1">0</subfield>
    <subfield code="4">0</subfield>
    <subfield code="7">0</subfield>
    <subfield code="8">NFIC</subfield>
    <subfield code="a">VP</subfield>
    <subfield code="b">VP</subfield>
    <subfield code="d">2023-09-18</subfield>
    <subfield code="e">DBAD/PUB</subfield>
    <subfield code="g">1199.00</subfield>
    <subfield code="l">0</subfield>
    <subfield code="o">532.02466 CHI</subfield>
    <subfield code="p">EN-121654</subfield>
    <subfield code="r">2023-09-18 00:00:00</subfield>
    <subfield code="t">1</subfield>
    <subfield code="v">1199.00</subfield>
    <subfield code="w">2023-09-18</subfield>
    <subfield code="y">EN</subfield>
  </datafield>
</record>
